Corporate finance /

Bibliographic Details
Main Author: Griffin, Michael P., (Author)
Format: eBook
Language:English
Published: [Place of publication not identified] : BarCharts, Inc., [2017]
Subjects:
Online Access:Click to View
LEADER 01513nam a2200385 i 4500
001 EBC4877026
003 MiAaPQ
005 20200520144314.0
006 m o d |
007 cr cnu||||||||
008 190123s2017 xx o 000 0 eng d
020 |z 9781423234692 
020 |a 9781423234906  |q (electronic bk.) 
035 |a (MiAaPQ)EBC4877026 
035 |a (Au-PeEL)EBL4877026 
035 |a (CaPaEBR)ebr11397708 
035 |a (OCoLC)990473537 
040 |a MiAaPQ  |b eng  |e rda  |e pn  |c MiAaPQ  |d MiAaPQ 
050 4 |a HG4026  |b .G754 2017 
082 0 |a 658.15  |2 23 
100 1 |a Griffin, Michael P.,  |e author. 
245 1 0 |a Corporate finance /  |c author, Michael Griffin. 
264 1 |a [Place of publication not identified] :  |b BarCharts, Inc.,  |c [2017] 
264 4 |c 2017 
300 |a 1 online resource (6 pages) 
336 |a text  |b txt  |2 rdacontent 
337 |a computer  |b c  |2 rdamedia 
338 |a online resource  |b cr  |2 rdacarrier 
588 |a Description based on print version record. 
590 |a Electronic reproduction. Ann Arbor, MI : ProQuest, 2018. Available via World Wide Web. Access may be limited to ProQuest affiliated libraries. 
650 0 |a Corporations  |x Finance. 
655 4 |a Electronic books. 
776 0 8 |i Print version:  |a Griffin, Michael P.  |t Corporate finance.  |d [Place of publication not identified] : BarCharts, Inc., c2017   |h 6 pages   |z 9781423234692 
797 2 |a ProQuest (Firm) 
856 4 0 |u https://ebookcentral.proquest.com/lib/matrademy/detail.action?docID=4877026  |z Click to View